Datum a čas kvízu
17
Celkem bodů
Celkový počet nahraných bodů na tomto kvízu bez doplňovacích otázek.
8.
Pořadí na kvízu
Konečné umístění týmu na tomto kvízu.
Zaznamenané odpovědi
| # | Otázka | Odpověď | Body | Výsledky |
|---|---|---|---|---|
| 1. | V pátek byly zveřejněny výsled... | Jihočeský kraj | 0 | |
| 2. | Někdo chodí do školy pěšky, ně... | D) na praseti | 0 | |
| 3. | V areálu pražského Výstaviště... | Alanis Morissette, Rag'n'Bone Man | 0 | |
| 4. | Bývalý brazilský pilot, který... | Emerson Fittipaldi, Targa Florio | 0 | |
| 5. | Tým Florida Panthers porazil v... | Tomáš Nosek, Vít Vaněček | 0 | |
| 6. | Začneme politikou. Republikáns... | Agrární strana, agrárníci | 1 | |
| 7. | V letech 1918–1928 bylo Českos... | Podkarpatská Rus (Zakarpatská Ukrajina) | 1 | |
| 8. | Na fotce vidíme jeden z rekons... | Tatra, (Hans) Ledwinka | 0 | |
| 9. | Zde vidíme portrét jednoho z n... | Miloš Havel, Barrandov Studio | 0 | |
| 10. | „Král komiků“ Vlasta Burian by... | AC Sparta Praha, brankář | 0 |